Quyết định lịch sử

Tái hiện lại cuộc tổng tiến công và nổi dậy xuân 1975 với chiến dịch Hồ Chí Minh - một quyết định lịch sử sáng suốt trong quá trình chỉ đạo điều hành cuộc kháng chiến; giới thiệu quá trình hình thành quyết định lịch sử và tổ chức thu...

詳細記述

保存先:
書誌詳細
第一著者: Phạm, Bá Toàn
フォーマット: 図書
言語:Undetermined
出版事項: H. Quân đội nhân dân 2015
主題:
オンライン・アクセス:http://lrc.tdmu.edu.vn/opac/search/detail.asp?aID=2&ID=25530
タグ: タグ追加
タグなし, このレコードへの初めてのタグを付けませんか!
Thư viện lưu trữ: Trung tâm Học liệu Trường Đại học Thủ Dầu Một
LEADER 01192nam a2200205Ia 4500
001 TDMU_25530
008 210410s9999 xx 000 0 und d
082 |a 959.7043 
090 |b PH104 
100 |a Phạm, Bá Toàn 
245 0 |a Quyết định lịch sử 
245 0 |c Phạm Bá Toàn (s.t.,b.s) 
260 |a H. 
260 |b Quân đội nhân dân 
260 |c 2015 
300 |a 215tr. 
520 |a Tái hiện lại cuộc tổng tiến công và nổi dậy xuân 1975 với chiến dịch Hồ Chí Minh - một quyết định lịch sử sáng suốt trong quá trình chỉ đạo điều hành cuộc kháng chiến; giới thiệu quá trình hình thành quyết định lịch sử và tổ chức thực hành chiến dịch, nghệ thuật quân sự trong cuộc tổng tiến công và nổi dậy năm 1975 
650 |a Lịch sử  |x Kháng chiến chống Mỹ  |z Việt Nam; Chiến dịch Hồ Chí Minh 
856 |u http://lrc.tdmu.edu.vn/opac/search/detail.asp?aID=2&ID=25530 
980 |a Trung tâm Học liệu Trường Đại học Thủ Dầu Một